Quiz o Polsce – Geoguessr - Statystyki

Ogólne statystyki
  • Ten quiz został rozwiązany 172 razy
  • Średni wynik to 4 z 10
Statystyki odpowiedzi
Zagadnienie Odpowiedź % Poprawnych
Który z poniższych słupów znajduje się w Polsce?
85%
W którym województwie spotyka się najwięcej tradycyjnych, drewnianych domków? w podlaskim
66%
Dwujęzycznych tablic z nazwą miejscowości NIE można spotkać w województwie: lubelskim
51%
W którym polskim mieście spotkamy żółto-czerwone autobusy oraz niebieskie tramwaje? Wrocław
46%
Jeśli pierwsza cyfra kodu pocztowego to 2, to w którym z podanych miast możemy się znajdować? Lublin
44%
Które miasto charakteryzuje się turkusowymi tablicami z nazwami ulic? Białystok
33%
Jakiego koloru jest odblask z tyłu polskiego pachołka? biały
30%
Wskaż zdjęcie, którego NIE zrobiono w Polsce.
25%
Droga wojewódzka, której pierwsza cyfra to 1, może przejeżdżać przez które z podanych województw? lubuskie
21%
Która generacja kamery najczęściej pojawia się w Polsce? 4
18%
Nie znaleziono quizów pasujących do podanych kryteriów
Rozkład punktacji
Procent ludzi z każdym wynikiem
Percentyl według liczby udzielonych odpowiedzi
Twoja historia wyników
Nie rozwiązałeś tego quizu